One of us is next / (Record no. 31378)

MARC details
000 -LEADER
fixed length control field 01440pam a2200421 i 4500
001 - CONTROL NUMBER
control field 2019004154
003 - CONTROL NUMBER IDENTIFIER
control field DLC
005 - DATE AND TIME OF LATEST TRANSACTION
control field 20251205035541.0
007 - PHYSICAL DESCRIPTION FIXED FIELD--GENERAL INFORMATION
fixed length control field t|
008 - FIXED-LENGTH DATA ELEMENTS--GENERAL INFORMATION
fixed length control field 190208s2020 nyu d 000 1 eng
010 ## - LIBRARY OF CONGRESS CONTROL NUMBER
LC control number 2019004154
020 ## - INTERNATIONAL STANDARD BOOK NUMBER
International Standard Book Number 9780525707967
Qualifying information hardcover
020 ## - INTERNATIONAL STANDARD BOOK NUMBER
International Standard Book Number 9780525707974
Qualifying information glb
020 ## - INTERNATIONAL STANDARD BOOK NUMBER
International Standard Book Number 0525707964
035 ## - SYSTEM CONTROL NUMBER
System control number 1233211
040 ## - CATALOGING SOURCE
Original cataloging agency DLC
Language of cataloging eng
Description conventions rda
Transcribing agency DLC
Modifying agency GCmBT
042 ## - AUTHENTICATION CODE
Authentication code pcc
-- lcac
100 1# - MAIN ENTRY--PERSONAL NAME
Personal name McManus, Karen M.,
Relator term author.
Relator code aut.
245 10 - TITLE STATEMENT
Title One of us is next /
Statement of responsibility, etc. Karen M. McManus.
250 ## - EDITION STATEMENT
Edition statement First edition.
264 #1 - PRODUCTION, PUBLICATION, DISTRIBUTION, MANUFACTURE, AND COPYRIGHT NOTICE
Place of production, publication, distribution, manufacture New York :
Name of producer, publisher, distributor, manufacturer Delacorte Press,
Date of production, publication, distribution, manufacture, or copyright notice [2020]
300 ## - PHYSICAL DESCRIPTION
Extent 375 pages ;
Dimensions 22 cm.
336 ## - CONTENT TYPE
Content type term text
Content type code txt
Source rdacontent.
337 ## - MEDIA TYPE
Media type term unmediated
Media type code n
Source rdamedia.
338 ## - CARRIER TYPE
Carrier type term volume
Carrier type code nc
Source rdacarrier.
520 ## - SUMMARY, ETC.
Summary, etc. "A year after the Bayview four were cleared of Simon Kelleher's death, a new mystery has cropped up--a game with dangerous consequences that's targeting students at Bayview again. And if the creator isn't found soon, dangerous could prove deadly"--
Assigning source Provided by publisher.
521 8# - TARGET AUDIENCE NOTE
Target audience note HL740
Source Lexile.
650 #0 - SUBJECT ADDED ENTRY--TOPICAL TERM
Topical term or geographic name as entry element Detective and mystery stories.
650 #0 - SUBJECT ADDED ENTRY--TOPICAL TERM
Topical term or geographic name as entry element Gossip
Form subdivision Fiction.
650 #0 - SUBJECT ADDED ENTRY--TOPICAL TERM
Topical term or geographic name as entry element High schools
Form subdivision Fiction.
650 #0 - SUBJECT ADDED ENTRY--TOPICAL TERM
Topical term or geographic name as entry element Schools
Form subdivision Fiction.
650 #1 - SUBJECT ADDED ENTRY--TOPICAL TERM
Topical term or geographic name as entry element Mystery and detective stories.
650 #1 - SUBJECT ADDED ENTRY--TOPICAL TERM
Topical term or geographic name as entry element Gossip
Form subdivision Fiction.
650 #1 - SUBJECT ADDED ENTRY--TOPICAL TERM
Topical term or geographic name as entry element High schools
Form subdivision Fiction.
650 #1 - SUBJECT ADDED ENTRY--TOPICAL TERM
Topical term or geographic name as entry element Schools
Form subdivision Fiction.
907 ## - LOCAL DATA ELEMENT G, LDG (RLIN)
a .b412167189
942 ## - ADDED ENTRY ELEMENTS (KOHA)
Source of classification or shelving scheme Dewey Decimal Classification
Koha item type Libro/Book
Holdings
Withdrawn status Lost status Damaged status Not for loan Home library Current library Date acquired Total Checkouts Total Renewals Full call number Barcode Date last seen Date checked out Price effective from Koha item type
        San Juan Del Sur -- Biblioteca San Juan Del Sur -- Biblioteca 05/12/2025 1 1 F 30023652 24/03/2026 17/03/2026 05/12/2025 Libro/Book

Powered by Koha